000
00280nam a22001217a 4500
008
180914b xxu||||| |||| 00| 0 eng d
041
_a
eng
080
_a
612.39
100
_a
9
101
_a
NUT
245
_a
Micronutrients And Imune Functions
_c
Bendich.A
942
_2
udc
_c
BK
999
_c
47754
_d
47754